| 000 | 00769cam a22002771 4500 | ||
|---|---|---|---|
| 999 |
_c20845 _d20845 |
||
| 001 | 9884576 | ||
| 003 | BDDh-ASL | ||
| 005 | 20231015025937.0 | ||
| 008 | 771117r19661883xx 000 0 eng | ||
| 010 | _a 67005083 | ||
| 035 | _a(OCoLC)3427677 | ||
| 040 |
_aDLC _cOC _dOCoLC _dDLC _dBDDh-ASL |
||
| 042 | _apremarc | ||
| 050 | 0 | 0 |
_aBP52 _b.L3 1966 |
| 082 |
_a297.35 _bLAS |
||
| 100 | 2 |
_aLane-Poole, Stanley, _d1854-1931. |
|
| 245 | 1 | 0 | _aStudies in a Mosque / |
| 260 |
_aBeirut : _bKhayats, _c1966. |
||
| 300 |
_aviii, 288 p. : _c22 cm. |
||
| 490 | 0 |
_aKhayats oriental reprints, _vno. 21 |
|
| 500 | _aReprint of the 1883 ed. | ||
| 650 | 0 | _aIslam. | |
| 650 | 0 | _aIslamic civilization. | |
| 906 |
_a7 _bcbc _coclcrpl _du _encip _f19 _gy-gencatlg |
||
| 942 |
_2ddc _cBK |
||